[Event "59582 II. Sinus IM"]
[Site "Budapest, Hungary"]
[Date "2011.08.25"]
[Round "6"]
[White "Ondozi, Murtez"]
[Black "Chetverik, Maxim"]
[Result "1/2-1/2"]
[WhiteElo "2355"]
[BlackElo "2296"]
[PlyCount "129"]
[EventDate "2011.??.??"]
1. d4 f5 2. c4 Nf6 3. Nc3 e6 4. g3 Bb4 5. Bd2 O-O 6. Bg2 d6 7. a3 Bxc3 8. Bxc3
Qe7 9. Nf3 Ne4 10. Qc2 Nd7 11. O-O Ndf6 12. Nd2 Nxc3 13. Qxc3 c6 14. e4 e5 15.
Rae1 Re8 16. f4 exf4 17. Rxf4 d5 18. cxd5 Nxd5 19. Qb3 Kh8 20. Ref1 fxe4 21.
Rxe4 Be6 22. Rfe1 Qd7 23. Nf3 Nf4 24. Ne5 Bxb3 25. Nxd7 Rxe4 26. Bxe4 Ne6 27.
Nc5 Nxc5 28. dxc5 Re8 29. Kf2 g6 30. Re3 Bf7 31. b4 Kg7 32. Bf3 Rxe3 33. Kxe3
Kf6 34. Kd4 a6 35. Be4 Be6 36. Bb1 h6 37. a4 g5 38. Bc2 Bf5 39. Bb3 Be6 40. Bd1
Bf5 41. b5 a5 42. Bf3 Bd7 43. b6 Bc8 44. Be2 Bd7 45. Bh5 Bc8 46. Be8 Ke7 47.
Bg6 Kf6 48. Bh5 Bd7 49. Bf3 Bc8 50. Ke4 Bf5+ 51. Kd4 Bc8 52. h4 Bd7 53. Bh5 Bc8
54. Be8 Ke7 55. Bg6 Kf6 56. Bh5 Bd7 57. Bf3 Bc8 58. Be4 Bd7 59. hxg5+ hxg5 60.
Bf3 Bc8 61. Bh5 Bd7 62. Bd1 Bc8 63. Be2 Bd7 64. Bh5 Bc8 65. Be8 1/2-1/2

[Event "59582 II. Sinus IM"]
[Site "Budapest, Hungary"]
[Date "2011.08.25"]
[Round "6"]
[White "Zentai, Peter"]
[Black "Brustkern, Juergen"]
[Result "1-0"]
[WhiteElo "2311"]
[BlackElo "2281"]
[PlyCount "83"]
[EventDate "2011.??.??"]
1. d4 Nf6 2. c4 g6 3. Nc3 Bg7 4. e4 d6 5. Nf3 O-O 6. Be2 e5 7. O-O Nc6 8. d5
Ne7 9. b4 Nh5 10. g3 f5 11. Ng5 Nf6 12. f3 f4 13. b5 Kh8 14. Kg2 Ne8 15. Ne6
Bxe6 16. dxe6 Qc8 17. c5 Qxe6 18. Ba3 g5 19. Qb3 Qg6 20. Rad1 b6 21. cxd6 Nxd6
22. Nd5 Nxd5 23. Qxd5 fxg3 24. hxg3 Rad8 25. g4 Qe8 26. Qd2 Qe6 27. Qc2 Rd7 28.
Rd5 Rfd8 29. Qc6 Qf6 30. Rfd1 h5 31. gxh5 g4 32. fxg4 Qf4 33. Bc1 Qxe4+ 34. Bf3
Qa4 35. h6 Bf6 36. g5 e4 37. Bg4 e3 38. Kh3 Ne4 39. Bxe3 Qa3 40. R1d3 Qxd3 41.
Rxd3 Rxd3 42. Qxe4 1-0

[Event "59582 II. Sinus IM"]
[Site "Budapest, Hungary"]
[Date "2011.08.26"]
[Round "7"]
[White "Brustkern, Juergen"]
[Black "Galyas, Miklos"]
[Result "1/2-1/2"]
[WhiteElo "2281"]
[BlackElo "2433"]
[PlyCount "32"]
[EventDate "2011.??.??"]
1. d4 f5 2. c4 Nf6 3. Nc3 d6 4. Nf3 g6 5. g3 Bg7 6. Bg2 O-O 7. O-O Nc6 8. d5
Na5 9. Qd3 e5 10. dxe6 Bxe6 11. b3 Nc6 12. Bb2 Ne4 13. Rab1 Nb4 14. Qe3 Nc2 15.
Qd3 Nb4 16. Qe3 Nc2 1/2-1/2

[Event "59582 II. Sinus IM"]
[Site "Budapest, Hungary"]
[Date "2011.08.26"]
[Round "7"]
[White "Chetverik, Maxim"]
[Black "Zentai, Peter"]
[Result "1-0"]
[WhiteElo "2296"]
[BlackElo "2311"]
[PlyCount "65"]
[EventDate "2011.??.??"]
1. d4 Nf6 2. c4 e6 3. Nf3 d5 4. g3 dxc4 5. Bg2 Bb4+ 6. Bd2 a5 7. O-O O-O 8. Qc2
Bxd2 9. Nbxd2 b5 10. a4 c6 11. b3 cxb3 12. Nxb3 Bb7 13. Nc5 Ra7 14. Rfd1 b4 15.
e4 Qe7 16. Ne5 Ba8 17. Rac1 Rc8 18. Nc4 Qc7 19. e5 Nd5 20. Bxd5 exd5 21. Nd6
Rd8 22. Qf5 g6 23. Qh3 Na6 24. Nd3 Qd7 25. Qh6 Nc7 26. Nc5 Qe7 27. Rd3 Ne8 28.
Re3 Nxd6 29. exd6 Qxd6 30. Rce1 Rf8 31. g4 Qf6 32. Re8 Qg7 33. Qf4 1-0

[Event "59582 II. Sinus IM"]
[Site "Budapest, Hungary"]
[Date "2011.08.26"]
[Round "7"]
[White "Kormos, Adam"]
[Black "Kantor, Gergely"]
[Result "1-0"]
[WhiteElo "2202"]
[BlackElo "2255"]
[PlyCount "63"]
[EventDate "2011.??.??"]
1. e4 e6 2. d4 d5 3. Nc3 Nf6 4. Bg5 Bb4 5. e5 h6 6. Bc1 Ne4 7. Qg4 g6 8. Nge2
c5 9. a3 h5 10. Qf4 Qa5 11. axb4 Qxa1 12. Nxe4 dxe4 13. Ng3 e3 14. Qxe3 Nc6 15.
Ne4 Nxd4 16. Bd3 Qa4 17. O-O Qc6 18. Qg5 Nf5 19. Qf6 Rg8 20. bxc5 Qc7 21. Bg5
Kf8 22. Nd6 Qe7 23. Bxf5 Qxf6 24. exf6 Rh8 25. Be4 h4 26. Nxb7 Rh5 27. Rd1 Bxb7
28. Bxb7 Re8 29. Be3 Kg8 30. c6 Rb5 31. c7 Rxb7 32. Rd8 1-0

[Event "59582 II. Sinus IM"]
[Site "Budapest, Hungary"]
[Date "2011.08.26"]
[Round "7"]
[White "Csonka, Balazs"]
[Black "Keschitz, Gyorgy"]
[Result "1/2-1/2"]
[WhiteElo "2264"]
[BlackElo "2307"]
[PlyCount "83"]
[EventDate "2011.??.??"]
1. d4 Nf6 2. c4 g6 3. Nc3 Bg7 4. e4 d6 5. Be2 O-O 6. g4 c6 7. h4 d5 8. e5 Ne4
9. h5 Nxc3 10. bxc3 c5 11. Qd3 cxd4 12. Qh3 g5 13. cxd4 h6 14. Bxg5 hxg5 15. h6
Bf6 16. Nf3 Nc6 17. Qh5 Kh8 18. c5 Nxd4 19. exf6 Nxf3+ 20. Bxf3 exf6 21. O-O
Be6 22. Rab1 b6 23. cxb6 axb6 24. Rb2 Ra3 25. Qh1 Qd6 26. Qg2 d4 27. Rfb1 Rb8
28. Bb7 Qf4 29. Rxb6 Rxa2 30. Qf3 Qxg4+ 31. Qxg4 Bxg4 32. Bd5 Rxb6 33. Rxb6
Ra1+ 34. Kg2 Rc1 35. Bxf7 d3 36. Rd6 Bf5 37. Bh5 g4 38. f3 Rc2+ 39. Kg3 gxf3
40. Bxf3 d2 41. Bd1 Rb2 42. Kf4 1/2-1/2

[Event "59582 II. Sinus IM"]
[Site "Budapest, Hungary"]
[Date "2011.08.27"]
[Round "8"]
[White "Galyas, Miklos"]
[Black "Keschitz, Gyorgy"]
[Result "1-0"]
[WhiteElo "2433"]
[BlackElo "2307"]
[PlyCount "73"]
[EventDate "2011.??.??"]
1. d4 Nf6 2. c4 g6 3. Nc3 Bg7 4. e4 d6 5. Nf3 O-O 6. h3 c6 7. Bg5 a6 8. Bd3 b5
9. O-O Nbd7 10. e5 dxe5 11. dxe5 Nc5 12. Bc2 Nfd7 13. Qe2 b4 14. Ne4 Ne6 15.
Rad1 Qe8 16. Qd2 Nxe5 17. Nxe5 Bxe5 18. Bh6 Ng7 19. f4 Bc7 20. Qxb4 f5 21. Qc3
Nh5 22. Ng3 Rf6 23. Nxh5 gxh5 24. Bg5 Rg6 25. Rde1 e5 26. Bd1 h6 27. Bh4 Re6
28. fxe5 Bxe5 29. Rxe5 Rxe5 30. Qg3+ Kh7 31. Bf6 Re7 32. Bc2 h4 33. Qg4 Raa7
34. Rxf5 Qg6 35. Bxe7 Qxg4 36. hxg4 Bxf5 37. gxf5 1-0

[Event "59582 II. Sinus IM"]
[Site "Budapest, Hungary"]
[Date "2011.08.27"]
[Round "8"]
[White "Kantor, Gergely"]
[Black "Csonka, Balazs"]
[Result "1/2-1/2"]
[WhiteElo "2255"]
[BlackElo "2264"]
[PlyCount "111"]
[EventDate "2011.??.??"]
1. d4 d5 2. c4 c6 3. Nf3 Nf6 4. e3 Bf5 5. cxd5 cxd5 6. Qb3 Qc7 7. Bb5+ Nc6 8.
Bd2 e6 9. O-O Bd6 10. Bb4 O-O 11. Bxc6 bxc6 12. Nbd2 Rfc8 13. Rfc1 Nd7 14. Qa3
Bxb4 15. Qxb4 c5 16. dxc5 Nxc5 17. Rc3 Qb6 18. Qa3 Ne4 19. Nxe4 Bxe4 20. Rac1
Rxc3 21. Qxc3 Bxf3 22. Qc8+ Qd8 23. Qxd8+ Rxd8 24. gxf3 Kf8 25. Rc7 Ra8 26. b4
Rb8 27. a3 a6 28. Ra7 Rb6 29. Kf1 g5 30. Ke2 Kg7 31. Kd3 Rc6 32. e4 Kf6 33. Rd7
dxe4+ 34. fxe4 h5 35. a4 g4 36. b5 axb5 37. axb5 Rc1 38. Ke2 Rb1 39. Rb7 Ke5
40. Rxf7 Rxb5 41. Rh7 Kxe4 42. Rh6 Re5 43. Kf1 Kf4 44. Kg2 Kg5 45. Rh8 h4 46.
h3 gxh3+ 47. Kxh3 Rf5 48. Rg8+ Kf4 49. Kxh4 Kf3 50. Rg5 Rf4+ 51. Kh5 Re4 52.
Kg6 Kxf2 53. Kf6 Kf3 54. Re5 Kf4 55. Rxe4+ Kxe4 56. Kxe6 1/2-1/2

[Event "59582 II. Sinus IM"]
[Site "Budapest, Hungary"]
[Date "2011.08.27"]
[Round "8"]
[White "Ondozi, Murtez"]
[Black "Kormos, Adam"]
[Result "1/2-1/2"]
[WhiteElo "2355"]
[BlackElo "2202"]
[PlyCount "38"]
[EventDate "2011.??.??"]
1. d4 Nf6 2. c4 g6 3. g3 Bg7 4. Bg2 d5 5. Nc3 dxc4 6. Qa4+ Nfd7 7. e3 O-O 8.
Qxc4 c5 9. Nge2 cxd4 10. exd4 Nb6 11. Qb3 Nc6 12. d5 Na5 13. Qd1 e6 14. O-O
exd5 15. Nxd5 Nxd5 16. Qxd5 Be6 17. Qxd8 Raxd8 18. Nc3 b6 19. Bg5 f6 1/2-1/2

[Event "59582 II. Sinus IM"]
[Site "Budapest, Hungary"]
[Date "2011.08.27"]
[Round "8"]
[White "Zentai, Peter"]
[Black "Roos, Jean-Luc"]
[Result "1/2-1/2"]
[WhiteElo "2311"]
[BlackElo "2207"]
[PlyCount "31"]
[EventDate "2011.??.??"]
1. d4 e6 2. c4 d5 3. Nf3 Nf6 4. g3 Bb4+ 5. Bd2 Be7 6. Bg2 O-O 7. O-O c6 8. Qc2
b6 9. Bf4 Bb7 10. Rd1 Nh5 11. Nc3 Nxf4 12. gxf4 Qd7 13. e3 Bd6 14. Rab1 Qe7 15.
a3 f6 16. cxd5 1/2-1/2

[Event "59582 II. Sinus IM"]
[Site "Budapest, Hungary"]
[Date "2011.08.27"]
[Round "8"]
[White "Brustkern, Juergen"]
[Black "Chetverik, Maxim"]
[Result "1-0"]
[WhiteElo "2281"]
[BlackElo "2296"]
[PlyCount "105"]
[EventDate "2011.??.??"]
1. d4 f5 2. c4 Nf6 3. Nc3 e6 4. Qc2 Bb4 5. f3 O-O 6. e3 b6 7. Bd3 Bb7 8. Nge2
c5 9. a3 Bxc3+ 10. Qxc3 Nc6 11. O-O Qc7 12. b3 Rac8 13. dxc5 bxc5 14. Bb2 Rf7
15. Kh1 Ne7 16. Nf4 Ng6 17. Nh3 h6 18. b4 Ba8 19. b5 Re8 20. a4 Nh4 21. Qe5
Qxe5 22. Bxe5 Ng4 23. Bg3 Nxg2 24. Kxg2 Nxe3+ 25. Kf2 Nxf1 26. Bxf1 e5 27. f4
e4 28. Ke3 d5 29. cxd5 Bxd5 30. Rc1 Rc7 31. Be1 c4 32. Bc3 Kf7 33. Be2 g6 34.
Nf2 Be6 35. Be5 Rcc8 36. Nd1 Rc5 37. Nc3 Rxe5 38. fxe5 Rc8 39. Rd1 g5 40. Rd6
Ke7 41. a5 h5 42. Ra6 Rc7 43. b6 axb6 44. axb6 Rc8 45. b7 Rb8 46. Rb6 h4 47.
Kd4 g4 48. Bxc4 Bxc4 49. Kxc4 h3 50. Nd5+ Kf7 51. Rf6+ Kg7 52. Rxf5 Rxb7 53.
Rg5+ 1-0

[Event "59582 II. Sinus IM"]
[Site "Budapest, Hungary"]
[Date "2011.08.28"]
[Round "9"]
[White "Chetverik, Maxim"]
[Black "Galyas, Miklos"]
[Result "1/2-1/2"]
[WhiteElo "2296"]
[BlackElo "2433"]
[PlyCount "52"]
[EventDate "2011.??.??"]
1. d4 f5 2. Nc3 d5 3. Bf4 a6 4. e3 Nf6 5. Bd3 e6 6. Nce2 c5 7. dxc5 Bxc5 8. Nf3
Nc6 9. c3 O-O 10. O-O Bd6 11. Ned4 Qe7 12. Bxd6 Qxd6 13. Qa4 Ne4 14. Nxc6 bxc6
15. Qd4 Re8 16. Qe5 Qb8 17. b4 Bd7 18. Rfc1 Ng5 19. Qxb8 Nxf3+ 20. gxf3 Rexb8
21. f4 a5 22. a3 Kf8 23. h4 Ke7 24. Rab1 Kd6 25. a4 Ra7 26. Rb2 Rab7 1/2-1/2

[Event "59582 II. Sinus IM"]
[Site "Budapest, Hungary"]
[Date "2011.08.28"]
[Round "9"]
[White "Roos, Jean-Luc"]
[Black "Brustkern, Juergen"]
[Result "1/2-1/2"]
[WhiteElo "2207"]
[BlackElo "2281"]
[PlyCount "62"]
[EventDate "2011.??.??"]
1. d4 d5 2. c4 Nc6 3. e3 e5 4. dxe5 d4 5. a3 a5 6. Nf3 Bc5 7. exd4 Bxd4 8. Be2
Nge7 9. O-O O-O 10. Re1 Bxe5 11. Nxe5 Nxe5 12. Nc3 Be6 13. Bf1 Qxd1 14. Nxd1
N5c6 15. Bf4 Nd4 16. Rc1 c6 17. Nc3 Ng6 18. Bg3 Rfd8 19. Na4 b5 20. cxb5 cxb5
21. Nb6 Ra7 22. Bc7 Re8 23. b4 axb4 24. axb4 Nh4 25. Rc3 Rxc7 26. Rxc7 Nhf3+
27. gxf3 Nxf3+ 28. Kh1 Nxe1 29. Bxb5 Rd8 30. Bd7 Nd3 31. b5 Nxf2+ 1/2-1/2

[Event "59582 II. Sinus IM"]
[Site "Budapest, Hungary"]
[Date "2011.08.28"]
[Round "9"]
[White "Kormos, Adam"]
[Black "Zentai, Peter"]
[Result "1/2-1/2"]
[WhiteElo "2202"]
[BlackElo "2311"]
[PlyCount "56"]
[EventDate "2011.??.??"]
1. e4 e6 2. d4 d5 3. Nc3 Nf6 4. Bg5 dxe4 5. Nxe4 Be7 6. Bxf6 gxf6 7. c3 f5 8.
Nd2 c5 9. Ngf3 Nc6 10. Bb5 Bd7 11. Nc4 a6 12. Bxc6 Bxc6 13. Nfe5 Qd5 14. Ne3
Qe4 15. Nxc6 bxc6 16. Qc2 Qxc2 17. Nxc2 Rg8 18. g3 Kd7 19. O-O-O Kc7 20. Rd3
Rad8 21. Rhd1 h5 22. Ne1 cxd4 23. Rxd4 Rxd4 24. Rxd4 f4 25. Nf3 fxg3 26. hxg3
Bc5 27. Rd2 Rd8 28. Re2 Rd5 1/2-1/2

[Event "59582 II. Sinus IM"]
[Site "Budapest, Hungary"]
[Date "2011.08.28"]
[Round "9"]
[White "Csonka, Balazs"]
[Black "Ondozi, Murtez"]
[Result "1/2-1/2"]
[WhiteElo "2264"]
[BlackElo "2355"]
[PlyCount "79"]
[EventDate "2011.??.??"]
1. d4 d5 2. c4 c6 3. Nf3 Nf6 4. Nbd2 Bf5 5. Nh4 Bd7 6. g3 e6 7. Nhf3 c5 8. cxd5
exd5 9. Bg2 Nc6 10. O-O Qb6 11. dxc5 Bxc5 12. Nb3 O-O 13. Nxc5 Qxc5 14. Be3 Qa5
15. Nd4 Rfe8 16. Re1 Rxe3 17. fxe3 Re8 18. Nxc6 bxc6 19. Qd4 Qb6 20. Qxb6 axb6
21. Bf3 Rxe3 22. Kf2 Re8 23. b4 b5 24. a4 bxa4 25. Rxa4 g5 26. Rea1 Ne4+ 27.
Bxe4 Rxe4 28. b5 Rxa4 29. Rxa4 cxb5 30. Ra7 Bf5 31. Ke3 Kg7 32. Kd4 Bg4 33. e3
Bf3 34. Ra6 f6 35. Rb6 Kg6 36. Rxb5 Kf5 37. h3 Bg2 38. Rxd5+ Kg6 39. Ra5 Bxh3
40. Kd5 1/2-1/2

[Event "59582 II. Sinus IM"]
[Site "Budapest, Hungary"]
[Date "2011.08.28"]
[Round "9"]
[White "Keschitz, Gyorgy"]
[Black "Kantor, Gergely"]
[Result "1-0"]
[WhiteElo "2307"]
[BlackElo "2255"]
[PlyCount "51"]
[EventDate "2011.??.??"]
1. Nf3 Nf6 2. g3 d5 3. Bg2 Bf5 4. O-O e6 5. d3 h6 6. c4 Nbd7 7. cxd5 exd5 8.
Nc3 Bh7 9. e4 dxe4 10. dxe4 Nc5 11. Nd4 Be7 12. e5 Nfe4 13. Nxe4 Bxe4 14. Bxe4
Nxe4 15. Be3 Qc8 16. Qa4+ c6 17. Qc2 Ng5 18. Nf5 Bf8 19. f4 Ne6 20. Rad1 Qc7
21. Nh4 Rd8 22. f5 Ng5 23. e6 Bd6 24. exf7+ Qxf7 25. Ng6 Rg8 26. Bxg5 1-0